| 000 -LEADER |
| fixed length control field |
00746nam a2200217Ia 4500 |
| 001 - CONTROL NUMBER |
| control field |
14947 |
| 003 - CONTROL NUMBER IDENTIFIER |
| control field |
GE_BSU |
| 008 - FIXED-LENGTH DATA ELEMENTS--GENERAL INFORMATION |
| fixed length control field |
181216s||||||||xx |||||||||||||| ||und|| |
| 040 ## - CATALOGING SOURCE |
| Transcribing agency |
GE_BSU |
| 080 ## - UNIVERSAL DECIMAL CLASSIFICATION NUMBER |
| Universal Decimal Classification number |
517 |
| 100 ## - MAIN ENTRY--PERSONAL NAME |
| Personal name |
Блох, З.Ш. |
| 245 ## - TITLE STATEMENT |
| Title |
Переходные процессы в линейных системах автоматического регулирования |
| 245 ## - TITLE STATEMENT |
| Statement of responsibility, etc. |
Ред.А.М.Рубинчик |
| 260 ## - PUBLICATION, DISTRIBUTION, ETC. |
| Place of publication, distribution, etc. |
Москва |
| 260 ## - PUBLICATION, DISTRIBUTION, ETC. |
| Name of publisher, distributor, etc. |
Госиздат |
| 260 ## - PUBLICATION, DISTRIBUTION, ETC. |
| Date of publication, distribution, etc. |
1961 |
| 300 ## - PHYSICAL DESCRIPTION |
| Extent |
492стр.22см. |
| 300 ## - PHYSICAL DESCRIPTION |
| Accompanying material |
Библиогр. стр.491 |
| 653 ## - INDEX TERM--UNCONTROLLED |
| Uncontrolled term |
Переходные процессы в линейных системах автоматического регулирования |
| 942 ## - ADDED ENTRY ELEMENTS (KOHA) |
| Koha item type |
წიგნი |